| 000 | 00843nam a22002537a 4500 | ||
|---|---|---|---|
| 003 | CHAP | ||
| 005 | 20220329135645.0 | ||
| 008 | 971013s1964 r 00010 d | ||
| 010 | _a40036 | ||
| 011 | _a41008 | ||
| 035 | _a45134 | ||
| 040 | _cCHAP | ||
| 082 |
_a636.2 _bE83 |
||
| 110 |
_aE.U.A. Federal Extension Service _934927 |
||
| 245 | _aPrograma nacional cooperativo para el mejoramiento del ganado lechero ; manual para los trabajadores de los servicios de extensión agrícola | ||
| 260 |
_aMéxico, D. F. : _bCentro Regional de Ayuda Técnica, _c1964 |
||
| 300 | _a45 p. | ||
| 590 |
_aBATCH-UPD _b10 _c20130110 _lUCH01 _h1913 |
||
| 590 |
_aCONVERSION _b10 _c20130109 _lUCH01 _h1322 |
||
| 650 | 1 | 4 |
_aGanado lechero. _945237 |
| 901 | _aBK | ||
| 942 | _cLIBRO | ||
| 949 |
_a636.2 E83 _bBC _cLIBRO _d33724000095956 _eLIBRO _h27755 _i45134 _si |
||
| 999 |
_c40036 _d40036 |
||